Zamestnanosť - politika v krízovej situácii

Gespeichert in:
Bibliographische Detailangaben
1. Verfasser: Ižová, Eulália
Format: Buch
Sprache:Slowakisch
Veröffentlicht: Bratislava VÚNH EU 1992
Ausgabe:1. vyd.
Schlagworte:
Tags: Tag hinzufügen
Keine Tags, Fügen Sie das erste Tag hinzu!

MARC

LEADER 00000nam a2200000 4500
001 c003515
005 20221214091125.7
041 0 |a slo 
044 |a SK 
245 1 0 |a Zamestnanosť - politika v krízovej situácii  |c Eulália Ižová 
250 |a 1. vyd. 
264 1 |a Bratislava  |b VÚNH EU  |c 1992 
300 |a 21 s. 
610 2 0 |a zamestnanosť 
610 2 0 |a trh práce 
610 2 0 |a Maďarsko 
610 2 0 |a hutníctvo 
100 1 |a Ižová, Eulália